Tribhuvan University Central Library

Introduction to partial differential equations and hilbert space methods (Record no. 49940)

MARC details
000 -LEADER
fixed length control field 00506 a2200181 4500
041 ## - LANGUAGE CODE
Language code of text/sound track or separate title Eng.
082 ## - DEWEY DECIMAL CLASSIFICATION NUMBER
Classification number 515.353
Item number G978p
100 ## - MAIN ENTRY--PERSONAL NAME
Personal name Gustafson, Karl E.
9 (RLIN) 7613
245 ## - TITLE STATEMENT
Title Introduction to partial differential equations and hilbert space methods
260 ## - PUBLICATION, DISTRIBUTION, ETC.
Place of publication, distribution, etc. New York
Name of publisher, distributor, etc. John Wiley
Date of publication, distribution, etc. 1987
300 ## - PHYSICAL DESCRIPTION
Extent xix, 409p.
650 ## - SUBJECT ADDED ENTRY--TOPICAL TERM
Topical term or geographic name entry element Differential equations
9 (RLIN) 46
650 ## - SUBJECT ADDED ENTRY--TOPICAL TERM
Topical term or geographic name entry element Problem solving
650 ## - SUBJECT ADDED ENTRY--TOPICAL TERM
Topical term or geographic name entry element Fluid dynamics
9 (RLIN) 51
650 ## - SUBJECT ADDED ENTRY--TOPICAL TERM
Topical term or geographic name entry element Hilbert space
9 (RLIN) 7614
653 ## - INDEX TERM--UNCONTROLLED
Uncontrolled term Mathematics
942 ## - ADDED ENTRY ELEMENTS (KOHA)
Source of classification or shelving scheme Dewey Decimal Classification
Koha item type General Collections
Holdings
Withdrawn status Lost status Source of classification or shelving scheme Damaged status Not for loan Home library Current library Date acquired Total Checkouts Full call number Barcode Date last seen Date last checked out Price effective from Koha item type
    Dewey Decimal Classification     Tribhuvan University Central Library Tribhuvan University Central Library 01/01/2011 1 515.353 G978p G35491 12/18/2022 12/11/2022 01/01/2011 General Collections